| 000 | 00543nam a2200181 i 4500 | ||
|---|---|---|---|
| 001 | 107307 | ||
| 003 | ES-MaACL | ||
| 005 | 20230906184402.0 | ||
| 007 | t| | ||
| 008 | 061121s1934 sp r ||||1| spa d | ||
| 100 | 1 |
_aMorodez, Juan. _983632 |
|
| 245 | 1 | 0 |
_aEnfermedad del sueño / _cJuan Morodez; prólogo de Gustavo Pittaluga. |
| 260 |
_aMadrid : _b[s.n], _c1934 ( _fGráfica Universal) |
||
| 300 |
_a82 p. ; _c24 cm. |
||
| 700 | 1 |
_aPittaluga, Gustavo, _d1876-1956 _9155591 |
|
| 852 |
_aES-MaACL _j1772-F-10 |
||
| 999 |
_c107307 _d107307 |
||